000 00515nam a22001937a 4500
999 _c525676
_d525676
003 NUST
005 20190704045128.0
008 190704b ||||| |||| 00| 0 eng d
038 _aWaseem
082 _a891.427
_bBAN
100 _aQudsia, Bano
_98994
245 _aAasay Pasay /
_cQudsia Bano
260 _aLahore :
_bSang - e - Meel Publication,
_c2002.
300 _a296 p. :
500 _aPaperback.
880 _6100-01\r
_aبانو قدسیہ
880 _6245-02\r
_aآسے پاسے /
942 _2ddc
_cBK